Generación de modelos de negocio. Un manual para visionarios.
I tiakina i:
| Kaituhi matua: | |
|---|---|
| Ētahi atu kaituhi: | , |
| Hōputu: | Tē mōhiotia |
| Reo: | Ingarihi |
| I whakaputaina: |
Barcelona, España:
Deusto,
2021
|
| Putanga: | Vigesimosegunda edición. |
| Ngā marau: | |
| Ngā Tūtohu: |
Tāpirihia he Tūtohu
Kāore He Tūtohu, Me noho koe te mea tuatahi ki te tūtohu i tēnei pūkete!
|
MARC
| LEADER | 00000 a2200000 4500 | ||
|---|---|---|---|
| 003 | CL-VaPUC | ||
| 005 | 20221214165503.0 | ||
| 008 | 220302b2021 ||||| |||| 00| 0 eng d | ||
| 999 | |c 434539 |d 434537 | ||
| 020 | |a 978842342799 | ||
| 040 | |c Pontificia Universidad Católica de Valparaíso | ||
| 082 | |a 658.404 OST 2021 |2 22 | ||
| 100 | |a Osterwalder, Alexander |e autor |9 866511 | ||
| 245 | 1 | 0 | |a Generación de modelos de negocio. |b Un manual para visionarios. |
| 250 | |a Vigesimosegunda edición. | ||
| 260 | |a Barcelona, España: |b Deusto, |c 2021 | ||
| 300 | |a 278 páginas | ||
| 583 | |k Cristina María Rojas Aguilar |c 20220302 | ||
| 650 | 0 | |a Modelos de negocio |9 565102 | |
| 650 | 0 | |a Planificación estratégica |9 259735 | |
| 650 | 0 | |a Planificación empresarial |9 259791 | |
| 700 | |a Pigneur, Yves |9 564512 |e autor | ||
| 700 | |a Vázquez Cao, Lara |e traducción |9 866844 | ||
| 942 | |2 ddc |c BK | ||
| 952 | |0 0 |1 0 |2 ddc |4 0 |6 658_404000000000000_OST_2021 |7 0 |8 A |9 581594 |a BIBAGR |b BIBAGR |c GEN |d 2022-03-02 |e 3 |g 34200.00 |i 5648491 |l 1 |o 658.404 OST 2021 |p 5648491 |r 2025-01-20 |s 2024-04-08 |t 1 |v 34200.00 |w 2022-03-02 |y BK |k AGR | ||
| 952 | |0 0 |1 0 |2 ddc |4 0 |6 658_404000000000000_OST_2021 |7 0 |8 A |9 581595 |a BIBAGR |b BIBAGR |c GEN |d 2022-03-02 |e 3 |g 34200.00 |i 5648505 |l 1 |o 658.404 OST 2021 |p 5648505 |r 2025-01-20 |s 2023-04-17 |t 2 |v 34200.00 |w 2022-03-02 |y BK |k AGR | ||